From educating employees to high valuable human capital
Programy pre celoživotné vzdelávanie v rámci Európskej únie. Celoživotné vzdelávanie v rôznych inštitúciách na Slovensku. Vzdelávanie vo východoslovenskom regióne a v Bratislave. Vzdelávacie organizácie, hardware a software. Vzdelávanie v priemyselných firmách. Výsledky prieskumu.
Salvato in:
| Autore principale: | |
|---|---|
| Natura: | Capitolo di libro |
| Lingua: | inglese |
| Soggetti: | |
| Tags: |
Nessun Tag, puoi essere il primo ad aggiungerne!!
|
MARC
| LEADER | 00000naa$a2200000$$$4500 | ||
|---|---|---|---|
| 001 | 0088183 | ||
| 005 | 20240502083229.3 | ||
| 041 | 0 | |a eng | |
| 044 | |a UA | ||
| 245 | 1 | 0 | |a From educating employees to high valuable human capital |c Lenka Dubovická |
| 520 | |a Programy pre celoživotné vzdelávanie v rámci Európskej únie. Celoživotné vzdelávanie v rôznych inštitúciách na Slovensku. Vzdelávanie vo východoslovenskom regióne a v Bratislave. Vzdelávacie organizácie, hardware a software. Vzdelávanie v priemyselných firmách. Výsledky prieskumu. | ||
| 610 | 2 | 0 | |a vzdelávanie |
| 610 | 2 | 0 | |a vzdelávanie celoživotné |
| 610 | 2 | 0 | |a zamestnanci |
| 610 | 2 | 0 | |a podnik priemyselný |
| 610 | 2 | 0 | |a podnik výrobný |
| 610 | 2 | 0 | |a regióny |
| 610 | 2 | 0 | |a Slovensko |
| 610 | 2 | 0 | |a Európska únia |
| 100 | 1 | |a Dubovická, Lenka | |